LEADER 00890nam0-22003011i-450- 001 990005112340403321 005 20080707100110.0 035 $a000511234 035 $aFED01000511234 035 $a(Aleph)000511234FED01 035 $a000511234 100 $a19990604g19579999km-y0itay50------ba 101 0 $aita 105 $ay-------001yy 200 1 $a<>biblioteche pubbliche degli enti locali$fGiovanni Cecchini 210 $aRoma$cEd. di Storia e Lett.$d1957. 215 $a161 p.$d25 cm 225 1 $aSussidi eruditi$v12 610 0 $aBiblioteche degli enti locali - Italia - Guide 676 $a027.445 700 1$aCecchini,$bGiovanni$037792 801 0$aIT$bUNINA$gRICA$2UNIMARC 901 $aBK 912 $a990005112340403321 952 $a027.4 CEC 1$bBibl. 29904$fFLFBC 959 $aFLFBC 996 $aBiblioteche pubbliche degli enti locali$9534939 997 $aUNINA LEADER 00943nam 2200349 450 001 9910164205903321 005 20230809222657.0 010 $a1-4988-1623-1 035 $a(CKB)3710000001057615 035 $a(MiAaPQ)EBC4802875 035 $a(EXLCZ)993710000001057615 100 $a20170304h20172017 uy 0 101 0 $aeng 135 $aurcnu|||||||| 181 $2rdacontent 182 $2rdamedia 183 $2rdacarrier 200 10$aMicrosporidiosis $eglobal status /$fStephen Berger 210 1$aLos Angeles, California :$cGideon,$d2017. 210 4$dİ2017 215 $a1 online resource (33 pages) $ccolor illustrations 606 $aMicrosporidiosis 615 0$aMicrosporidiosis. 676 $a579.4 700 $aBerger$b Stephen$01210032 801 0$bMiAaPQ 801 1$bMiAaPQ 801 2$bMiAaPQ 906 $aBOOK 912 $a9910164205903321 996 $aMicrosporidiosis$93408439 997 $aUNINA